00689nam a2200217Ia 4500001000700000008004100007020001800048035001500066041000800081084001300089245011500102260007900217300002200296650001200318650001300330650001200343650001500355650001700370700002900387710005500416013240221003s1990 xx 000 0 spa d a84-451-0272-9 aCENDO_8673 aspa aCD-01521 0aMujeres con mono azul :bhistorias de lucha y de éxito en el trabajo /cedición preparada por Molly Martin aMadrid :bComunidad de Madrid, Dirección General de la Mujer,cD.L. 1990 a240 p. ;c 24 cm aMUJERES aHISTORIA aTRABAJO aENTREVISTA 0aTRABAJADORAS aMARTIN, Molly,eed. lit. aMADRIDbComunidadbDirección General de la Mujer